| 000 | 00488nam a22001697a 4500 | ||
|---|---|---|---|
| 005 | 20251108175210.0 | ||
| 008 | 250721s2002 xx 000 0 ara d | ||
| 082 | 1 | 4 | _a415.1/شجر |
| 100 | 1 | _aالشجراوي، عزام عمر | |
| 245 | 1 | 0 | _aالنحو التطبيقي / |
| 264 | 1 |
_aعمان _ الاردن : _bدار البشير، _c2002. |
|
| 300 | _a404ص. | ||
| 650 | 1 | 7 | _aاللغة العربية |
| 650 | 1 | 7 | _aقواعد اللغة |
| 942 |
_2ddc _cBK |
||
| 999 |
_c128510 _d128510 |
||